| 000 | 00655nam a22002177a 4500 | ||
|---|---|---|---|
| 999 |
_c5007 _d5007 |
||
| 003 | AR-CdUCM | ||
| 008 | 190311b ||||| |||| 00| 0 spa d | ||
| 040 |
_aMUNICIPALIDAD PROVINCIAL DEL CUSCO _cBIBLIOTECA MUNICIPAL DEL CUSCO |
||
| 082 |
_a869.56 / _bD16 |
||
| 100 |
_aDammert, Juan Luis _915312 |
||
| 245 | _aCrónica de vientos / | ||
| 260 |
_aLima : _bAgua ardiente, _c1979. |
||
| 300 |
_a51 paginas ; _c21 cm. |
||
| 500 | _aDonación familia Nieto | ||
| 505 | _aContenido :Poesías y cuentos peruanos / | ||
| 650 |
_aPoesías peruanas _91481 |
||
| 650 |
_aCuentos peruanos _97 |
||
| 650 |
_aSiglo XX _98 |
||
| 942 |
_2ddc _cLIBROS |
||
| 945 | _arjall | ||